Verification and simulation tools
Guardado en:
| Formato: | Libro |
|---|---|
| Lenguaje: | inglés |
| Publicado: |
Hillsboro :
OrCAD,
1987
|
| Etiquetas: |
Sin Etiquetas, Sea el primero en etiquetar este registro!
|
MARC
| LEADER | 00000nam a22000003a 4500 | ||
|---|---|---|---|
| 001 | stu2904 | ||
| 005 | 20141121191521.1 | ||
| 008 | 930122s1987----xxu-----------------eng-d | ||
| 040 | |a STU |b slo | ||
| 041 | 0 | |a eng | |
| 044 | |a xxu | ||
| 080 | |a 681.39.06 | ||
| 080 | |a 519.876.5 | ||
| 245 | |a Verification and simulation tools | ||
| 260 | |a Hillsboro : |b OrCAD, |c 1987 | ||
| 300 | |a Nestr | ||
| 996 | |b E67347 |c E*67347 |l EE16 |s P |a 0 |w stu2904_0001 | ||